Movies Quiz

Random Movies or TV Show Quiz

TV Star and Movie Star! (Slideshow) Quiz Stats

 Plays Quiz not verified by Sporcle

Score 0/25 Timer 07:00
0 Plays Today
% Correct
Dwayne Johnson (Ballers & Skyscraper)
94.4%
Anthony Hopkins (Westworld & The Silence of the Lambs)
93.9%
Danny DeVito (It's Always Sunny in Philadelphia & Batman Returns)
91.9%
Julia Roberts (Homecoming & Pretty Woman)
91.4%
Reese Witherspoon (Big Little Lies & Legally Blonde)
87.9%
Peter Dinklage (Game of Thrones & X-Men: Days of Future Past)
87.4%
Lucy Liu (Elementary & Kill Bill Vol. 1)
86.9%
Emma Stone (Maniac & Easy A)
86.4%
Benedict Cumberbatch (Sherlock & Doctor Strange)
85.9%
Tom Hardy (Peaky Blinders & The Dark Knight Rises)
85.4%
Amy Adams (Sharp Objects & Arrival)
83.3%
Penélope Cruz (The Assassination Of Gianni Versace: American Crime Story & Pirates of the Caribbean: On Stranger Tides)
81.3%
Bryan Cranston (Breaking Bad & Godzilla)
80.8%
% Correct
Ewan McGregor (Fargo & Star Wars: Revenge of the Sith)
80.3%
Sean Bean (Sharpe & The Lord of the Rings: The Fellowship of the Ring)
79.3%
Rami Malek (Mr. Robot & Bohemian Rhapsody)
74.7%
Steve Buscemi (Boardwalk Empire & Monsters Inc.)
74.2%
Martin Freeman (The Office & The Hobbit: The Desolation of Smaug)
73.2%
James Spader (The Blacklist & Avengers: Age of Ultron)
72.2%
Matthew McConaughey (True Detective & Interstellar)
67.7%
Robin Wright (House of Cards & Wonder Woman)
67.2%
Dakota Fanning (The Alienist & The Twilight Saga: Eclipse)
59.1%
Eva Green (Penny Dreadful & Dumbo)
58.6%
Liev Schreiber (Ray Donovan & X-Men Origins: Wolverine)
57.1%
Mads Mikkelsen (Hannibal & Casino Royale)
52.5%

You're not logged in!

Compare scores with friends on all Sporcle quizzes.
OR
Log In

Sporcle TV

Today on Sporcle TV


Watch our educational content, quiz creation guides, and fun videos on Sporcle TV.

Show Comments

Extras

Top Quizzes Today


Score Distribution

Your Account Isn't Verified!

In order to create a playlist on Sporcle, you need to verify the email address you used during registration. Go to your Sporcle Settings to finish the process.

Report this User

Report this user for behavior that violates our Community Guidelines.

Details: